| 000 | 00804nam a22002657a 4500 | ||
|---|---|---|---|
| 003 | UA-OsUOA | ||
| 001 | 32319 | ||
| 007 | ta | ||
| 008 | 20050131b un ||||| |||| 00| 0 ukr d | ||
| 100 | _aПанкратова А. | ||
| 700 | _aФедосоз И. | ||
| 700 | _aИ. | ||
| 090 |
_a94(477).042.3 _bТ66 |
||
| 942 | _cBK | ||
| 040 |
_aUA-OsUOA _brus _cUA-OsUOA _dUA-OsUOA |
||
| 245 |
_a300-летие воссоединения Украины с Россией - всенародное торжество _bсборник статей |
||
| 300 | _a104 с. | ||
| 955 | _a1 | ||
| 041 | _arus | ||
| 080 | _a94(477).042.3 | ||
| 260 |
_aМосква _bГосполитиздат _c1954 |
||
| 044 | _aRU | ||
| 650 | 7 |
_a9 Географія. Біографії. Історія _2UDC |
|
| 999 |
_c318759 _d318759 |
||